Southville International School and Colleges
Your cart is empty.
  • Cart
  • Lists
    Public lists Eva Luna New books Lux_list list_1
    Your lists Log in to create your own lists
  • Log in to your account
  • Your cookies
  • Search history
Southville International School and Colleges
  • Advanced search
  • Recent comments
  • Most popular
  • Libraries

Log in to your account

Log in with GOOGLE


If you do not have an external account, but do have a local account, you can still log in:

  1. Home
  2. MARC view: Werner von Siemens :
Normal view MARC view ISBD view

Werner von Siemens : (Record no. 283778)

[ view plain ]
MARC details
000 -LEADER
fixed length control field 01471cam a2200373 a 4500
001 - CONTROL NUMBER
control field 3961120
003 - CONTROL NUMBER IDENTIFIER
control field PILC
005 - DATE AND TIME OF LATEST TRANSACTION
control field 20150318132029.0
008 - FIXED-LENGTH DATA ELEMENTS--GENERAL INFORMATION
fixed length control field 940719s1994 ohuab b s000 0beng
010 ## - LIBRARY OF CONGRESS CONTROL NUMBER
LC control number 94029670
020 ## - INTERNATIONAL STANDARD BOOK NUMBER
International Standard Book Number 0814206581
020 ## - INTERNATIONAL STANDARD BOOK NUMBER
International Standard Book Number 081420659X (pbk.)
040 ## - CATALOGING SOURCE
Original cataloging agency DLC
Transcribing agency DLC
Modifying agency DLC
041 1# - LANGUAGE CODE
Language code of text/sound track or separate title eng
Language code of original and/or intermediate translations of text ger
043 ## - GEOGRAPHIC AREA CODE
Geographic area code e-gx---
050 00 - LIBRARY OF CONGRESS CALL NUMBER
Classification number TK 140.S5
Item number .F4513 1994
082 00 - DEWEY DECIMAL CLASSIFICATION NUMBER
Classification number 338.7/6213/092
-- B
100 1# - MAIN ENTRY--PERSONAL NAME
Personal name Feldenkirchen, Wilfried.
240 10 - UNIFORM TITLE
Uniform title <a href="Werner von Siemens.">Werner von Siemens.</a>
Language of a work English
245 10 - TITLE STATEMENT
Title Werner von Siemens :
Remainder of title inventor and international entrepreneur /
Statement of responsibility, etc Wilfried Feldenkirchen.
260 ## - PUBLICATION, DISTRIBUTION, ETC. (IMPRINT)
Place of publication, distribution, etc Columbus :
Name of publisher, distributor, etc Ohio State University Press,
Date of publication, distribution, etc c1994.
300 ## - PHYSICAL DESCRIPTION
Extent xxv, 203 pages :
Other physical details illustrations, map ;
Dimensions 24 cm.
440 #0 - SERIES STATEMENT/ADDED ENTRY--TITLE
Title Historical perspectives on business enterprise series
504 ## - BIBLIOGRAPHY, ETC. NOTE
Bibliography, etc Includes bibliographical references (p. 199-203).
600 10 - SUBJECT ADDED ENTRY--PERSONAL NAME
Personal name Siemens, Werner von,
Dates associated with a name 1816-1892.
650 #0 - SUBJECT ADDED ENTRY--TOPICAL TERM
Topical term or geographic name as entry element Electrical engineers
Geographic subdivision Germany
Form subdivision Biography.
650 #0 - SUBJECT ADDED ENTRY--TOPICAL TERM
Topical term or geographic name as entry element Businesspeople
Geographic subdivision Germany
Form subdivision Biography.
650 #0 - SUBJECT ADDED ENTRY--TOPICAL TERM
Topical term or geographic name as entry element Electrical engineering
Geographic subdivision Germany
General subdivision History
Chronological subdivision 19th century.
650 #0 - SUBJECT ADDED ENTRY--TOPICAL TERM
Topical term or geographic name as entry element Business enterprises
Geographic subdivision Germany
General subdivision History
Chronological subdivision 19th century.
856 42 - ELECTRONIC LOCATION AND ACCESS
Materials specified Book review (H-Net)
Uniform Resource Identifier <a href="http://www.h-net.org/review/hrev-a0a5a5-aa">http://www.h-net.org/review/hrev-a0a5a5-aa</a>
906 ## - LOCAL DATA ELEMENT F, LDF (RLIN)
a 7
b cbc
c orignew
d 1
e ocip
f 19
g y-gencatlg
942 ## - ADDED ENTRY ELEMENTS (KOHA)
Source of classification or shelving scheme Library of Congress Classification
Koha item type Books
Holdings
Withdrawn status Lost status Source of classification or shelving scheme Damaged status Home library Current library Shelving location Date acquired Source of acquisition Sub Shelving location Total Checkouts Full call number Barcode Date last seen Price effective from Koha item type
    Library of Congress Classification   Southville International School Affiliated with Foreign Universities Library Southville International School Affiliated with Foreign Universities Library Southville Foreign University Section 03/18/2015 Library Fund     TK 140.S5 .F4513 1994 SFU1826 05/15/2018 03/18/2015 Books

Werner von Siemens :

APA

Feldenkirchen W., . (1994). Werner von Siemens. Columbus: Ohio State University Press.

Chicago

Feldenkirchen Wilfried, . 1994. Werner von Siemens. Columbus: Ohio State University Press.

Harvard

Feldenkirchen W., . (1994). Werner von Siemens. Columbus: Ohio State University Press.

MLA

Feldenkirchen Wilfried, . Werner von Siemens. Columbus: Ohio State University Press. 1994.

  • Place hold
  • Print
  • Cite
  • Add to your cart (remove)
  • Save record
    BIBTEX Dublin Core MARCXML MARC (non-Unicode/MARC-8) MARC (Unicode/UTF-8) MARC (Unicode/UTF-8, Standard) MODS (XML) RIS
  • More searches
    Search for this title in:
    Other Libraries (WorldCat) Other Databases (Google Scholar) Online Stores (Bookfinder.com) Open Library (openlibrary.org)

Exporting to Dublin Core...

SOUTHVILLE LIBRARY

Southville International School and Colleges Library

1281 Tropical Ave. Cor. Luxembourg St., BF Homes International, Las Pinas City

Tel. No. 8256374 / 252358 Loc. 117/146

Powered by Koha